Histoire en sandwich - Statistiques

Statistiques générales
  • Ce quiz a été pris 21 fois
  • Le résultat moyen est 7 sur 16
Statistiques - réponses
Naissance Personnage Mort % Correct
100 av JC César 44 av JC
100%
1890 De Gaulle 1970
93%
1889 Hitler 1945
86%
742 ou 747 ou 748 Charlemagne 814
71%
1878 Staline 1953
71%
1412 Jeanne d'Arc 1431
57%
1451 Colomb 1506
36%
1916 Mitterrand 1996
36%
1883 Mussolini 1945
36%
1892 Franco 1975
21%
1124 Aliénor d'Aquitaine 1204
14%
1874 Churchill 1965
14%
1917 Kennedy 1963
14%
1927 Veil 2017
14%
1901 Hiro-Hito 1989
0%
1894 Khrouchtchev 1971
0%
Aucun quiz correspondant
Distribution des résultats
% des personnes avec chaque résultat
Percentile par nombre de réponses
Votre historique - résultats
Vous n’avez pas pris ce quiz